000 01418nam2a2200325 4500
001 RU\NLR\BIBL_A\022229914
005 20250806202948.0
035 _a(NLR Aleph) 022229914
090 _a11192
_c11192
100 _a20250806 rusy50
101 0 _arus
102 _aRU
135 _acrcn 024anaba
200 0 _a1943, № 203 (5452) (3 окт.)
210 _d1943
325 1 _aКопия доступна в электронной библиотеке РНБ
461 0 _1001RU\NLR\BIBL_A\010707649
_12001#$aСмена$eПетербург. еженед газ.$v1943, № 203 (5452) (3 окт.)
852 _aNLR
_jЛ2
856 0 _uhttps://vivaldi.nlr.ru/ap000099863/view
856 1 _uhttps://vivaldi.nlr.ru/ap000099863/cover
856 2 _uhttps://vivaldi.nlr.ru/ap000099863/text
901 _eГазеты
942 _cISSNP
945 _aРоссийская национальная библиотека
980 _aNB
980 _aBV
981 4 4 _a(44) Оцифровано по рекомендациям читателей
981 3 7 _a(37) Ленинград в Великой Отечественной войне
_b(37) Газеты блокадного Ленинграда
981 2 7 _a(27) Периодические издания
_b(27) Газеты